En el país del arte (Registro nro. 34298)

Detalles MARC
000 -LEADER
campo de control de longitud fija 00533nam a2200181 i 4500
001 - NÚMERO DE CONTROL
campo de control 34298
003 - IDENTIFICADOR DE NÚMERO DE CONTROL
campo de control ES-MaACL
005 - FECHA Y HORA DE LA ÚLTIMA TRANSACCIÓN
campo de control 20250712032635.0
007 - CAMPO FIJO DE DESCRIPCIÓN FÍSICA--INFORMACIÓN GENERAL
campo de control de longitud fija t|
008 - DATOS DE LONGITUD FIJA--INFORMACIÓN GENERAL
campo de control de longitud fija 030204s1919 sp ||||1| spa d
100 1# - ENTRADA PRINCIPAL--NOMBRE DE PERSONA
Nombre de persona Blasco Ibáñez, Vicente,
Fechas asociadas al nombre 1867-1928
9 (RLIN) 29388
245 10 - MENCIÓN DEL TÍTULO
Título En el país del arte
Resto del título : tres meses en Italia /
Mención de responsabilidad, etc. Vicente Blasco Ibáñez.
260 ## - PUBLICACIÓN, DISTRIBUCIÓN, ETC.
Lugar de publicación, distribución, etc. Valencia :
Nombre del editor, distribuidor, etc. Prometeo,
Fecha de publicación, distribución, etc. [1919]
300 ## - DESCRIPCIÓN FÍSICA
Extensión 295 p. ;
Dimensiones 19 cm.
651 ## - PUNTO DE ACCESO ADICIONAL DE MATERIA--NOMBRE GEOGRÁFICO
Nombre geográfico Italia-
Subdivisión general Descripción.
9 (RLIN) 8861
852 ## - LOCALIZACIÓN
Ubicación ES-MaACL
Número de control de estantería B-6027
Existencias
Estatus retirado Estado de pérdida Estado de daño No para préstamo Biblioteca de origen Biblioteca actual Ubicación en estantería Fecha de adquisición Fuente de adquisición Total de préstamos Signatura topográfica completa Código de barras Visto por última vez Precio de reemplazo Tipo de ítem Koha
        Biblioteca del Ateneo de Madrid Biblioteca del Ateneo de Madrid Sala Pardo Bazán 17/01/2008     B-6027 1035772 23/02/2023 23/02/2023 Libro impreso